000 01155njm a22002537a 4500
005 20100908100941.0
007 sd ammalaaahaa
008 100908t xxu||||| |||| 00| 0 hin d
028 _aN. 54471
_bHis Master's Voice
035 _aGR-01260
040 _aSED/VEN
100 _aSuman Kalyanpur
_91184
245 _aJekra charanva me lagle paranva :
_bhindi- (Bhojpuri) /
_cby Suman Kalyanpur...[et.al] ;music by S. N. Tripathi ; lyric by Madan
_h[sound recording] :
246 _aजेकरा चरणवा में लागले परनवा (सुमन कल्यानपुर)
260 _aDum Dum, India
_bHis Master's Voice
_c1964
300 _a1 sound record [Greamophone records] :
_banalog, 33. 1/3 rpm
_c10 in.
500 _aBrief record.
505 _aPanw tare ki (Suman Kalyanpur) पांव तरे की भाग १, Humro biyhawa हमरो बियहवा भाग २
_u
_r
650 _aClassical Music
_xExcerpts
_zIndia
_918799
700 _aS. N. Tripathi
_918800
700 _aMadan
_918875
942 _2ddc
_cGR
999 _c44418
_d44418